Normal view
MARC view
Entry Personal Name
001 - CONTROL NUMBER
- control field: 47974
003 - CONTROL NUMBER IDENTIFIER
- control field: dpl
005 - DATE AND TIME OF LATEST TRANSACTION
- control field: 20120526112202.0
008 - FIXED-LENGTH DATA ELEMENTS
- fixed length control field: 120526|||a|||||| | ||| d
040 ## - CATALOGING SOURCE
- Original cataloging agency: dpl
- Transcribing agency: dpl
100 ## - HEADING--PERSONAL NAME
- Personal name: कलाम, ए.पी.जे.अब्दुल
670 ## - SOURCE DATA FOUND
- Source citation: Work cat.: (dpl): कलाम, ए.पी.जे.अब्दुल, अग्नि की उड़ानः, 2000
670 ## - SOURCE DATA FOUND
- Source citation: Work cat.: (dpl): कलाम, ए.पी.जे.अब्दुल, अग्नि की उड़ानः, 2000
